| 000 | 00408nam a22001457a 4500 | ||
|---|---|---|---|
| 003 | OSt | ||
| 008 | 240911b |||||||| |||| 00| 0 eng d | ||
| 020 | _a9788173048425 | ||
| 082 |
_a355.00954 _bTHW |
||
| 100 | _aTHAPLIAL, Uma Prasad | ||
| 245 | _aWarfare in Ancient India : Organizational and Operational Dimensions | ||
| 260 |
_aNew Delhi: _bManohar Publishers, _c2010. |
||
| 300 | _a431p. | ||
| 942 |
_2ddc _cBK |
||
| 999 |
_c12903 _d12903 |
||